| 000 | 00896nam a2200313Ia 4500 | ||
|---|---|---|---|
| 008 | 181129s9999 xx 000 0 und d | ||
| 020 | _a9789715696975 | ||
| 050 | _bM311 2009 | ||
| 100 | _aMaranan, Ed | ||
| 245 | 0 | _aEdjop : | |
| 245 | 2 | _ba child of the storm / | |
| 245 | 0 | _cby Ed Maranan ; illustrated by Ariel Santillan. | |
| 260 | _aMakati, Philippines : | ||
| 260 | _bBookmark, | ||
| 260 | _c2009 | ||
| 300 | _aunpaged : | ||
| 300 | _bcolor illustrations ; | ||
| 300 | _c25cm. | ||
| 440 | _aModern heroes for the Filipino youth. | ||
| 650 | _aCommunists -- | ||
| 650 | _aJopson, Edgar Mirasol, 1948-1982. | ||
| 650 | _aPhilippine literature for kids. | ||
| 650 | _aStudents -- | ||
| 650 | _xPhilippines -- Biography. | ||
| 650 | _xPhilippines -- Political and government -- 1973-1986. | ||
| 700 | _aSantillan, Ariel. | ||
| 700 | _aSeries. | ||
| 700 | _aTitle. | ||
| 999 |
_c360211 _d360211 |
||